Structuring and Visualisation of Business Models

Saved in:
Bibliographic Details
Main Author: Slávik, Štefan, 1955-
Other Authors: Bednár, Richard, 1985-
Format: Book Chapter
Language:English
Tags: Add Tag
No Tags, Be the first to tag this record!

MARC

LEADER 00000naa a2200000 4500
001 0179390
005 20240502083423.1
041 0 |a eng 
044 |a HU 
245 1 0 |a Structuring and Visualisation of Business Models  |c Štefan Slávik, Richard Bednár 
100 1 |a Slávik, Štefan, 1955- 
700 1 |a Bednár, Richard, 1985-